Konkurence bankám nehrozí Družstevní bankovnictví

Charakteristika sporiteľných a úverových družstiev (SÚD). Z histórie SÚD. Význam úverových družstiev. Zdroje a úvery družstiev. Rozhodovanie o poskytovaní úverov. Úrokové výnosy a náklady: úroková marža. Družstvá a centrálna banka. Vzťahy SÚD k štátu (štátnemu rozpočtu). Súčasnosť a budúcnosť SÚD.

Gespeichert in:
Bibliographische Detailangaben
1. Verfasser: Revenda, Zbyněk
Weitere Verfasser: Dvořák, Petr
Format: Buchkapitel
Sprache:Tschechisch
Schlagworte:
Tags: Tag hinzufügen
Keine Tags, Fügen Sie das erste Tag hinzu!

MARC

LEADER 00000naa a2200000 4500
001 r024976
005 20221205101433.0
041 0 |a cze 
044 |a CZ 
245 1 0 |a Konkurence bankám nehrozí  |b Družstevní bankovnictví  |c Zbyněk Revenda, P. Dvořák 
520 |a Charakteristika sporiteľných a úverových družstiev (SÚD). Z histórie SÚD. Význam úverových družstiev. Zdroje a úvery družstiev. Rozhodovanie o poskytovaní úverov. Úrokové výnosy a náklady: úroková marža. Družstvá a centrálna banka. Vzťahy SÚD k štátu (štátnemu rozpočtu). Súčasnosť a budúcnosť SÚD. 
610 2 0 |a banky družstevné 
610 2 0 |a úver 
610 2 0 |a úrok 
610 2 0 |a marža úroková 
610 2 0 |a banky emisné 
610 2 0 |a Česko 
100 1 |a Revenda, Zbyněk 
700 1 |a Dvořák, Petr